000 00683nam a2200289Ia 4500
005 20260324144527.0
008 008 260324s9999 xx 000 0 eng d
020 _a9781315803838
037 _aEBOOK
040 _aCRL
040 _beng
040 _cCRL
041 _2eng
041 _aeng
084 _qCRL
100 _aRobert Sherman; Don Dinkmeyer
_91219650
245 0 _aSystems of Family Therapy
245 3 _bAn Adlerian Integration
260 _bTaylor and Francis
260 _c1987
365 _a
365 _b195
856 _uhttp://www.taylorfrancis.com/books/9781315803838
942 _cEBOOK
999 _c1826372
_d1826372